[Event "Moscow Open 2009 C"]
[Site "?"]
[Date "2009.01.31"]
[Round "1.30"]
[White "Maksimova, Alisa"]
[Black "Savina, Anastasia"]
[Result "0-1"]
[WhiteElo "1895"]
[BlackElo "2297"]
[Annotator ""]
[Source ""]
[Remark ""]

1.e4 c5 2.Nf3 e6 3.d4 cxd4 4.Nxd4 a6 5.Be3 Nf6 6.Nc3 Qc7 7.f3
b5 8.g4 d6 9.Qd2 Bb7 10.O-O-O Be7 11.h4 Nc6 12.g5 Nd7 13.Bh3
Nde5 14.Qe2 Nc4 15.Ndxb5 axb5 16.Nxb5 Qd7 17.Qxc4 Ne5 18.Qb3
Nxf3 19.Bb6 O-O 20.Nc7 Bxe4 21.Nxa8 Rxa8 22.Bf2 Rc8 23.c3 Nxg5
24.Rhe1 Nxh3 25.Bg3 Bf5 26.Qb6 d5 27.Qe3 Qa4 28.Re2 Qxa2 29.b4
Qa3+ 30.Kd2 Bxb4 31.Be5 Bd6 32.Ke1 Bxe5 33.Qxe5 Qxc3+ 34.Qxc3
Rxc3 35.Rxd5 g6 36.Rd8+ Kg7 37.Ra2 Nf4 38.Rd7 e5 39.Re7 Be6 40.Ra5
Kf6 41.Rb7 Rc2 42.Kd1 Rh2 43.Rbb5 Nd3 44.Ra3 Bg4# 0-1

[Event "Moscow Open 2009 C"]
[Site "?"]
[Date "2009.01.31"]
[Round "1.31"]
[White "Strutinskaya, Galina N"]
[Black "Abylkassymova, Raushan"]
[Result "1/2-1/2"]
[WhiteElo "2291"]
[BlackElo "1892"]
[Annotator ""]
[Source ""]
[Remark ""]

1.Nf3 Nf6 2.c4 e6 3.b3 Be7 4.Bb2 b6 5.d3 Bb7 6.Nbd2 a5 7.Qc2
a4 8.e4 d6 9.d4 d5 10.cxd5 exd5 11.Bb5+ c6 12.Be2 dxe4 13.Nxe4
Bb4+ 14.Ned2 O-O 15.O-O a3 16.Bc1 c5 17.dxc5 Bxc5 18.Ng5 Nbd7
19.Bf3 Rc8 20.Qf5 Ba6 21.Nc4 Bd4 22.Bxa3 Bxa1 23.Bxf8 Nxf8 24.Rxa1
Bxc4 25.bxc4 Rxc4 26.Rd1 Rd4 27.Qb1 Ng6 28.g3 Ne5 29.Be2 Qd5
30.Rxd4 Qxd4 31.Qf5 Qc3 32.Kg2 h6 33.Nf3 Nxf3 34.Qxf3 Qc2 35.Qa8+
Kh7 36.Bf3 b5 37.a3 Qc5 38.h4 g5 39.Qc6 Qe5 40.Qb7 Kg7 41.hxg5
Qxg5 42.Be2 Qc5 43.Bxb5 Qxa3 44.Bc4 Qf8 45.Qc7 Qa8+ 46.f3 Qe8
47.g4 Nh7 48.Bd3 Ng5 49.Qc3+ Kg8 50.Bc4 Qe7 51.Qd4 Nh7 52.Qf4
Ng5 53.Qd2 Qc7 54.Bd5 Qd6 55.Qa5 Qf4 56.Qc3 Qd6 57.Qc8+ Kg7 58.Qc3+
Kg8 59.Qc8+ Kg7 60.Qf5 Qe7 61.Bc4 Qe3 62.Qd5 Qxf3+ 63.Qxf3 Nxf3
64.Kxf3 h5 65.Bxf7 hxg4+ 66.Kxg4 Kxf7 1/2-1/2

[Event "Moscow Open 2009 C"]
[Site "?"]
[Date "2009.01.31"]
[Round "1.32"]
[White "Forova, Tatiana"]
[Black "Ubiennykh, Ekaterina"]
[Result "0-1"]
[WhiteElo "1888"]
[BlackElo "2285"]
[Annotator ""]
[Source ""]
[Remark ""]

1.e4 c5 2.Nc3 Nc6 3.g3 g6 4.Bg2 Bg7 5.Nge2 e6 6.O-O Nge7 7.d3
O-O 8.Be3 Nd4 9.Rb1 Nec6 10.a3 Qe7 11.Qd2 Re8 12.Nd1 b5 13.c3
Nxe2+ 14.Qxe2 b4 15.f4 Rb8 16.axb4 cxb4 17.Qf2 bxc3 18.Nxc3 Ba6
19.Rfd1 Rb3 20.Bxa7 d6 21.Be3 Reb8 22.d4 Na5 23.Bf1 Bxf1 24.Rxf1
Nc4 25.e5 Qa7 26.Rfe1 Rxb2 27.Rxb2 Rxb2 28.Qf3 d5 29.g4 Qa5 30.Bf2
Rb3 31.Rc1 Nd2 32.Qd3 Ne4 33.Be1 Qa3 34.Qc2 Rb2 35.Qa4 Qxa4 36.Nxa4
Rb8 37.Nc5 Rc8 38.Bb4 Bf8 39.Kf1 f6 40.Ke2 g5 41.exf6 gxf4 42.Rf1
Bxc5 43.Bxc5 e5 44.Bb6 Rc2+ 45.Kd1 Rb2 46.Ba7 Nc3+ 0-1

[Event "Moscow Open 2009 C"]
[Site "?"]
[Date "2009.01.31"]
[Round "1.34"]
[White "Braun, Elina"]
[Black "Aketaeva, Dana"]
[Result "0-1"]
[WhiteElo "1880"]
[BlackElo "2283"]
[Annotator ""]
[Source ""]
[Remark ""]

1.e4 e6 2.d4 d5 3.Nc3 Bb4 4.e5 Qd7 5.f4 b6 6.g3 Ba6 7.Bh3 Ne7
8.Nge2 c5 9.a3 Bxc3+ 10.bxc3 cxd4 11.cxd4 Nbc6 12.c3 Na5 13.O-O
g6 14.a4 h5 15.Ba3 Nf5 16.Bxf5 gxf5 17.Bb4 Nc4 18.Kf2 h4 19.Rh1
O-O-O 20.a5 Kb7 21.axb6 axb6 22.Nc1 Nb2 23.Qg1 Qb5 24.Ra2 Nd3+
25.Nxd3 Qxd3 26.Qe1 Rdg8 27.Rg1 hxg3+ 28.hxg3 Rh2+ 29.Rg2 Qxg3+ 0-1

[Event "Moscow Open 2009 C"]
[Site "?"]
[Date "2009.01.31"]
[Round "1.35"]
[White "Paikidze, Nazi"]
[Black "Butneva, Larisa"]
[Result "1-0"]
[WhiteElo "2280"]
[BlackElo "1875"]
[Annotator ""]
[Source ""]
[Remark ""]

1.d4 Nf6 2.c4 e6 3.Nc3 Bb4 4.Qc2 c5 5.e3 d5 6.Nf3 O-O 7.cxd5
exd5 8.Bd3 Nc6 9.O-O Re8 10.dxc5 Bxc5 11.Rd1 Nb4 12.Qe2 Nxd3
13.Rxd3 Bf5 14.Rd1 Qd7 15.Qb5 Qxb5 16.Nxb5 Rac8 17.Nfd4 Bd7 18.Nc3
a6 19.Nce2 Bg4 20.f3 Bd7 21.Bd2 b5 22.Rac1 h6 23.Kf2 g5 24.Rc2
Bxd4 25.Nxd4 Rxc2 26.Nxc2 Rc8 27.Bc3 Ne8 28.Rxd5 Be6 29.Rd2 Bxa2
30.Nb4 Bc4 31.Nxa6 Ng7 32.Nb4 Ra8 33.Nd5 Ne8 34.Nb6 Rb8 35.Nxc4
bxc4 36.Rd7 Rc8 37.Be5 f6 38.Bc3 h5 39.e4 Rc6 40.e5 f5 41.Ke3
Ng7 42.Rd6 f4+ 43.Ke4 Rc8 44.Rg6 Kf7 45.Rxg5 Re8 46.g3 fxg3 47.Rxg3
Re7 48.f4 1-0

[Event "Moscow Open 2009 C"]
[Site "?"]
[Date "2009.01.31"]
[Round "1.36"]
[White "Shangarayeva, Daiana"]
[Black "Fominykh, Maria"]
[Result "0-1"]
[WhiteElo "1871"]
[BlackElo "2279"]
[Annotator ""]
[Source ""]
[Remark ""]

1.c4 d6 2.Nc3 g6 3.g3 Bg7 4.Bg2 e5 5.Nf3 Ne7 6.O-O c5 7.Ne1 Nbc6
8.d3 Be6 9.Nd5 O-O 10.Nc2 Rb8 11.e4 b5 12.Rb1 Kh8 13.Bg5 h6 14.Bxe7
Nxe7 15.Nxe7 Qxe7 16.b3 f5 17.f4 exf4 18.Rxf4 Be5 19.Rf2 f4 20.Qd2
g5 21.gxf4 Bxf4 22.Qe2 bxc4 23.dxc4 Qf6 24.Rbf1 Qe5 25.Qh5 Kg7
26.Bf3 Rf6 27.Kh1 Rbf8 28.Ne1 Be3 29.Re2 Qc3 30.h3 Bd2 31.Kg2
Rf4 32.e5 Bf7 33.Qxf7+ R8xf7 34.e6 Re7 0-1

[Event "Moscow Open 2009 C"]
[Site "?"]
[Date "2009.01.31"]
[Round "1.38"]
[White "Della-Rossa, Anastasia"]
[Black "Borisova, Elizaveta"]
[Result "1-0"]
[WhiteElo "1868"]
[BlackElo "2270"]
[Annotator ""]
[Source ""]
[Remark ""]

1.e4 c5 2.Nc3 Nc6 3.g3 g6 4.Bg2 Bg7 5.d3 d6 6.f4 b6 7.Nf3 Bb7
8.O-O Qd7 9.Be3 Nh6 10.h3 f5 11.Qd2 O-O 12.Rae1 Nd4 13.Bxd4 cxd4
14.Ne2 Qb5 15.Nexd4 Qxb2 16.Ne6 Rfc8 17.c4 fxe4 18.Nxg7 Qxg7
19.Ng5 Nf5 20.g4 e3 21.Qc1 Bxg2 22.Kxg2 e2 23.Rxe2 Nd4 24.Ree1
Rf8 25.Qe3 e5 26.Qe4 h6 27.Qd5+ Kh8 28.fxe5 dxe5 29.Rf7 Rad8
30.Qb7 1-0

[Event "Moscow Open 2009 C"]
[Site "?"]
[Date "2009.01.31"]
[Round "1.39"]
[White "Iljushina, Olga"]
[Black "Zakharova, Lidiya"]
[Result "1-0"]
[WhiteElo "2269"]
[BlackElo "1860"]
[Annotator ""]
[Source ""]
[Remark ""]

1.d4 d6 2.Nf3 g6 3.c4 Bg7 4.g3 Nf6 5.Bg2 c6 6.O-O O-O 7.Nc3 Bf5
8.Nh4 Bd7 9.e4 Qc8 10.Re1 e5 11.d5 Rd8 12.Bd2 Bh3 13.Rc1 Bxg2
14.Kxg2 Na6 15.Qe2 Nc7 16.b4 Qd7 17.a4 a6 18.Be3 Ng4 19.Bb6 Nf6
20.Rcd1 Nfe8 21.Rd3 Bf6 22.Nf3 Be7 23.c5 cxd5 24.Nxd5 Nxd5 25.Rxd5
Qxa4 26.Bxd8 Rxd8 27.cxd6 Rxd6 28.Rxe5 Re6 29.Rxe6 fxe6 30.Qc4
Qd7 31.Rc1 Nd6 32.Qc7 Qe8 33.e5 Nf7 34.Qxb7 Kg7 35.Rc8 Nd8 36.Qc7
Kh6 37.Nd4 Bxb4 38.Qxd8 Qf7 39.Rc7 1-0

[Event "Moscow Open 2009 C"]
[Site "?"]
[Date "2009.01.31"]
[Round "1.41"]
[White "Ivkina, Olga"]
[Black "Mukhina, Marina"]
[Result "1-0"]
[WhiteElo "2268"]
[BlackElo "1851"]
[Annotator ""]
[Source ""]
[Remark ""]

1.e4 c6 2.d4 d5 3.e5 Bf5 4.Nc3 e6 5.g4 Bg6 6.Nge2 Nd7 7.h4 h6
8.Nf4 Bh7 9.g5 hxg5 10.hxg5 Bxc2 11.Qxc2 Rxh1 12.g6 Ne7 13.gxf7+
Kxf7 14.Nh3 Rxh3 15.Bxh3 g6 16.Bg5 Qb6 17.Bxe7 Bxe7 18.Bxe6+
Kxe6 19.Qxg6+ Nf6 20.exf6 Bxf6 21.O-O-O Rf8 22.Na4 Qb4 23.Nc5+
Ke7 24.Qg4 1-0

[Event "Moscow Open 2009 C"]
[Site "?"]
[Date "2009.01.31"]
[Round "1.42"]
[White "Saduakassova, Dinara"]
[Black "Akatova, Ekaterina"]
[Result "1-0"]
[WhiteElo "1850"]
[BlackElo "2261"]
[Annotator ""]
[Source ""]
[Remark ""]

1.d4 Nf6 2.Nf3 g6 3.g3 Bg7 4.Bg2 O-O 5.O-O d6 6.b3 e5 7.dxe5
Ng4 8.Bb2 Nxe5 9.Nxe5 dxe5 10.Nc3 Nd7 11.Qd2 Nc5 12.Rad1 Qxd2
13.Rxd2 Ne6 14.e3 f5 15.Ba3 Re8 16.Rfd1 Kf7 17.Bf1 Ng5 18.Bc4+
Be6 19.Rd7+ Kg8 20.Rxc7 Bxc4 21.bxc4 Rac8 22.Nd5 Rxc7 23.Nxc7
Rc8 24.Rd7 h5 25.Kg2 e4 26.Bd6 b6 27.c5 bxc5 28.Nd5 Re8 29.Bxc5
Nf3 30.Ne7+ Kh7 31.Bd4 Bxd4 32.Nxf5+ Bg7 33.Nxg7 Rb8 34.Ne6+
Kh6 35.Rd8 Rxd8 36.Nxd8 Ne1+ 37.Kf1 Nxc2 38.Nf7+ Kg7 39.Nd6 Nb4
40.a4 Kf6 41.Nxe4+ Ke5 42.f3 Nd3 43.Ke2 Nb2 44.Nc3 g5 45.f4+
gxf4 46.gxf4+ Ke6 47.Kf3 Nc4 48.e4 Nd2+ 49.Ke2 Nb3 50.Kd3 h4
51.Nb5 Nc5+ 52.Kd4 Nxa4 53.Nxa7 Nb2 54.Nc6 Nd1 55.Ne5 Nf2 56.Ke3
Nd1+ 57.Kf3 Nc3 58.Nd3 Kf6 59.Nf2 Nb1 60.Kg4 1-0

[Event "Moscow Open 2009 C"]
[Site "?"]
[Date "2009.01.31"]
[Round "1.43"]
[White "Repina, Varvara"]
[Black "Kaydanovich, Marina"]
[Result "1-0"]
[WhiteElo "2258"]
[BlackElo "1843"]
[Annotator ""]
[Source ""]
[Remark ""]

1.e4 c5 2.Nf3 Nc6 3.d4 cxd4 4.Nxd4 a6 5.c4 e6 6.Be3 Nf6 7.Nc3
Bb4 8.f3 Bxc3+ 9.bxc3 Qa5 10.Qc2 O-O 11.Be2 d5 12.cxd5 exd5 13.Nxc6
bxc6 14.e5 Nd7 15.f4 Nc5 16.O-O Ne4 17.c4 Nc3 18.Bd3 h6 19.Bd4
dxc4 20.Bh7+ Kh8 21.Bxc3 Qc5+ 22.Kh1 g6 23.Bxg6 fxg6 24.Qxg6
Bf5 25.e6+ 1-0

[Event "Moscow Open 2009 C"]
[Site "?"]
[Date "2009.01.31"]
[Round "1.44"]
[White "Chukhlantseva, Anna"]
[Black "Fatalibekova, Elena"]
[Result "1/2-1/2"]
[WhiteElo "1842"]
[BlackElo "2243"]
[Annotator ""]
[Source ""]
[Remark ""]

1.e4 c5 2.Nf3 Nc6 3.d4 cxd4 4.Nxd4 g6 5.Be2 Bg7 6.Be3 Nf6 7.Nc3
O-O 8.O-O d6 9.Kh1 Bd7 10.f4 Qc8 11.Bf3 Ng4 12.Bg1 Nxd4 13.Bxd4
e5 14.Nd5 Re8 15.Bc3 f5 16.h3 Nh6 17.Qd3 Be6 18.Rad1 Nf7 19.a3
Rb8 20.Rfe1 b6 21.exf5 gxf5 22.Qd2 Rb7 23.Nb4 Rc7 24.Bh5 Rc4
25.Bxf7+ Bxf7 26.fxe5 dxe5 27.Bxe5 h6 28.Bxg7 Kxg7 29.c3 Rce4
30.Rxe4 Rxe4 1/2-1/2

[Event "Moscow Open 2009 C"]
[Site "?"]
[Date "2009.01.31"]
[Round "1.45"]
[White "Ambartsumova, Karina"]
[Black "Semenova, Anastasia"]
[Result "1-0"]
[WhiteElo "2227"]
[BlackElo "1840"]
[Annotator ""]
[Source ""]
[Remark ""]

1.e4 e5 2.Nf3 Nf6 3.Nc3 Bb4 4.Nxe5 O-O 5.Be2 Re8 6.Nd3 Bxc3 7.dxc3
Nxe4 8.Nf4 d6 9.O-O Nc6 10.f3 Nc5 11.Rf2 Bd7 12.b3 h6 13.Bb2
Bf5 14.Nd5 Ne7 15.c4 c6 16.Qd4 Ne6 17.Nf6+ Kf8 18.Qd2 Qc7 19.Nxe8
Rxe8 20.Bd3 Nc5 21.Re1 Nxd3 22.cxd3 Be6 23.Qc3 Nf5 24.g4 1-0

[Event "Moscow Open 2009 C"]
[Site "?"]
[Date "2009.01.31"]
[Round "1.46"]
[White "Anu, Bayar"]
[Black "Lelekova, Olga"]
[Result "0-1"]
[WhiteElo "1830"]
[BlackElo "2222"]
[Annotator ""]
[Source ""]
[Remark ""]

1.e4 c5 2.Nf3 Nc6 3.d4 cxd4 4.Nxd4 Nf6 5.Nc3 e6 6.Be2 Bb4 7.Qd3
d5 8.exd5 Nxd5 9.Nxc6 bxc6 10.Qc4 O-O 11.O-O a5 12.a3 Bxc3 13.bxc3
Ba6 14.Qg4 Bxe2 15.Qxe2 Qf6 16.Bd2 Rfd8 17.c4 Ne7 18.Rfd1 Nf5
19.Be3 Qc3 20.Bc5 h6 21.g3 Nd4 22.Qe3 Qxe3 23.fxe3 Nf3+ 24.Kg2
Ne5 25.Bb6 Rxd1 26.Rxd1 Nxc4 27.Bc5 Rb8 28.Rd3 Rb5 29.Ba7 Rb7
30.Bc5 Ne5 31.Rc3 Nd7 32.Bd6 Rb6 33.Bc7 Ra6 34.Rd3 Nf6 35.Kf3
Nd5 36.Bd6 f6 37.c4 Nb6 38.c5 Nd7 39.Rb3 Ra7 40.Bb8 Ra6 41.Bd6
Kf7 42.Rb7 Ke8 43.Kg4 g6 44.Rc7 Kd8 45.h4 Nxc5 46.Re7 Ne4 47.Rxe6
f5+ 48.Kf4 Kd7 49.Ke5 c5 50.Re7+ Kd8 51.Bxc5 Nxc5 52.Rh7 Nd7+
53.Kd4 h5 54.Rh8+ Kc7 55.Re8 Nf6 56.Re7+ Kd8 57.Rg7 Ne4 58.Rg8+
Ke7 59.Rg7+ Kf6 60.Rb7 Nxg3 61.Kd5 Re6 62.Rb3 Nf1 63.Kd4 Re4+
64.Kd5 Nxe3+ 65.Kc5 Rxh4 0-1

[Event "Moscow Open 2009 C"]
[Site "?"]
[Date "2009.01.31"]
[Round "1.48"]
[White "Vanchikova, Dulma"]
[Black "Bogumil, Tatiana"]
[Result "0-1"]
[WhiteElo "1799"]
[BlackElo "2218"]
[Annotator ""]
[Source ""]
[Remark ""]

1.e4 c5 2.Nf3 d6 3.h3 Nc6 4.Nc3 g6 5.Bc4 Bg7 6.Ne2 Nf6 7.d3 O-O
8.c3 d5 9.exd5 Nxd5 10.O-O e5 11.Ng3 h6 12.Nh2 Kh7 13.f4 exf4
14.Bxf4 Nxf4 15.Rxf4 Qg5 16.Qf3 Ne5 17.Qf2 Nxc4 18.dxc4 Qe7 19.Rf1
Be6 20.Re1 Qc7 21.Ng4 Rae8 22.Nf6+ Bxf6 23.Rxf6 Bxc4 24.a3 b6
25.Rf3 Rxe1+ 26.Qxe1 Bd5 27.Re3 Qc6 28.Qe2 c4 29.Qf2 Re8 30.Rxe8
Qxe8 31.Ne2 Qe4 32.Nd4 f5 33.Nb5 f4 34.Nd4 g5 35.Qc2 Qxc2 36.Nxc2
Kg6 37.Nd4 Kf6 38.Kf2 a6 39.g3 fxg3+ 40.Kxg3 Bf7 41.Kg4 Be8 42.Kf3
Ke5 43.Nc2 Bd7 44.Kg3 Ke4 45.Ne1 Ke3 46.h4 gxh4+ 47.Kxh4 Bf5
48.Kg3 Be4 49.Ng2+ Bxg2 50.Kxg2 Kd2 51.Kg3 Kc2 52.Kh4 Kxb2 53.Kh5
Kxc3 54.Kxh6 Kd4 0-1

[Event "Moscow Open 2009 C"]
[Site "?"]
[Date "2009.01.31"]
[Round "1.49"]
[White "Bezgodova, Svetlana"]
[Black "Kisteneva, Liza"]
[Result "1-0"]
[WhiteElo "2214"]
[BlackElo "1790"]
[Annotator ""]
[Source ""]
[Remark ""]

1.Nf3 d5 2.g3 Nf6 3.Bg2 e6 4.O-O Bd6 5.d3 O-O 6.Nbd2 Nbd7 7.e4
c6 8.Re1 Qc7 9.b3 c5 10.Bb2 d4 11.Nc4 Be7 12.a4 b6 13.Ba3 e5
14.Nh4 Re8 15.Nf5 Bf8 16.Qd2 a6 17.Qg5 Nb8 18.Ncd6 Bxf5 19.Nxe8
Nxe8 20.exf5 f6 21.Qh5 Nc6 22.Bd5+ Kh8 23.Re4 Nd6 24.Rh4 h6 25.Qg4
Rd8 26.Rxh6+ gxh6 27.Qg8# 1-0

[Event "Moscow Open 2009 C"]
[Site "?"]
[Date "2009.01.31"]
[Round "1.50"]
[White "Vasiukova, Ekaterina"]
[Black "Butuc, Maria"]
[Result "0-1"]
[WhiteElo "1762"]
[BlackElo "2182"]
[Annotator ""]
[Source ""]
[Remark ""]

1.d4 d5 2.c4 c6 3.e3 Nf6 4.Nc3 a6 5.a4 e6 6.Bd3 a5 7.Nf3 Be7
8.O-O O-O 9.Bd2 Na6 10.Na2 Nc7 11.Qc2 h6 12.c5 Nd7 13.b4 axb4
14.Nxb4 e5 15.Nxe5 Nxe5 16.dxe5 Ne6 17.f4 Nxc5 18.Be2 Ne4 19.Rfb1
Nxd2 20.Qxd2 Qa5 21.Qb2 Bc5 22.Nc2 Bf5 23.Kf2 Qa7 24.Rc1 Bxc2
25.Rxc2 Bxe3+ 26.Kf3 Bd4 27.Rc3 Qa5 28.Raa3 Bxc3 29.Rxc3 Qxa4
30.Qc2 Qxc2 31.Rxc2 Ra3+ 32.Kf2 d4 33.Bf3 Rc3 34.Rd2 Rd8 35.Be4
Kf8 36.Ke2 Re3+ 37.Kf2 Rxe4 38.g3 d3 39.Kf3 Red4 40.Ke3 c5 41.f5
c4 42.e6 c3 43.Ra2 d2 0-1

[Event "Moscow Open 2009 C"]
[Site "?"]
[Date "2009.01.31"]
[Round "1.51"]
[White "Sukhareva, Evgeniya"]
[Black "Skakun, Valentina"]
[Result "1-0"]
[WhiteElo "2178"]
[BlackElo "1700"]
[Annotator ""]
[Source ""]
[Remark ""]

1.d4 d5 2.Nf3 e6 3.c4 c6 4.e3 f5 5.b3 Nf6 6.g3 Bd6 7.Bg2 O-O
8.O-O Nbd7 9.Ba3 Qe7 10.Bxd6 Qxd6 11.Nc3 Re8 12.Qc2 Ne4 13.Rad1
Qb4 14.Ne2 b5 15.c5 e5 16.Qb2 exd4 17.exd4 Re7 18.Rfe1 Bb7 19.Nf4
Rae8 20.Nd3 Qc3 21.Rxe4 Qxb2 22.Rxe7 Qc2 23.Rxe8+ Nf8 24.Rd2
Qc3 25.Nde5 Ba6 26.Nd7 Kf7 27.Rxf8+ Ke7 28.Re2+ Kxd7 29.Rf7+
Kd8 30.Rfe7 Bc8 31.Rxg7 Qc1+ 32.Re1 Qh6 33.Ree7 Qc1+ 34.Bf1 b4
35.Ne5 1-0

[Event "Moscow Open 2009 C"]
[Site "?"]
[Date "2009.01.31"]
[Round "1.52"]
[White "Pylaeva, Ekaterina"]
[Black "Drozdova, Dina"]
[Result "0-1"]
[WhiteElo "1676"]
[BlackElo "2175"]
[Annotator ""]
[Source ""]
[Remark ""]

1.e4 d6 2.d4 Nf6 3.Nc3 e5 4.dxe5 dxe5 5.Qxd8+ Kxd8 6.Bg5 Be6
7.O-O-O+ Kc8 8.Nf3 Nbd7 9.h3 c6 10.a3 b5 11.Nd2 Bc5 12.f3 h6
13.Bh4 g5 14.Bg3 Nh5 15.Bh2 f6 16.Ne2 a5 17.Bg1 Be7 18.g4 Nf4
19.Ng3 h5 20.Nf5 Bf8 21.Rh2 Kc7 22.Kb1 Nb6 23.Nb3 hxg4 24.fxg4
Na4 25.Ka1 Rh7 26.Be3 b4 27.Bd2 bxa3 28.bxa3 Bxa3 29.Bxa5+ Rxa5
30.Nxa5 Bb2+ 31.Kb1 Nc3+ 32.Kxb2 Nxd1+ 33.Kc1 Bxf5 34.Kxd1 Bxg4+
35.Ke1 Bxh3 36.Bxh3 g4 0-1

[Event "Moscow Open 2009 C"]
[Site "?"]
[Date "2009.01.31"]
[Round "1.53"]
[White "Krasenkova, Ilena"]
[Black "Artemenko, Rimma"]
[Result "1-0"]
[WhiteElo "2170"]
[BlackElo "1579"]
[Annotator ""]
[Source ""]
[Remark ""]

1.d4 Nf6 2.c4 g6 3.Nc3 d5 4.cxd5 Nxd5 5.e4 Nxc3 6.bxc3 Bg7 7.Be3
c5 8.Qd2 Qa5 9.Bc4 Nc6 10.Ne2 e6 11.Rd1 b5 12.Bd3 c4 13.Bb1 O-O
14.O-O b4 15.cxb4 Qxb4 16.Qxb4 Nxb4 17.a3 Nc6 18.d5 exd5 19.exd5
Na5 20.Bc5 Re8 21.Nd4 Nb3 22.Nxb3 cxb3 23.d6 Bd7 24.f3 a5 25.Rfe1
Rac8 26.Rxe8+ Rxe8 27.Kf2 Re6 28.g4 h6 29.h4 Bf6 30.Kg3 Re2 31.f4
Kg7 32.Bd3 Re8 33.g5 hxg5 34.hxg5 Bd8 35.Bd4+ f6 36.Bc4 a4 37.Bd5
Re2 38.Kf3 Bb5 39.gxf6+ Bxf6 40.d7 Bxd4 41.d8Q Re3+ 42.Kg2 Re2+
43.Kh1 Re8 44.Qc7+ Kh6 45.Rxd4 b2 46.Ba2 Re1+ 47.Kh2 b1Q 48.Bxb1
Rxb1 49.Rd8 Rb2+ 50.Kg3 Rb3+ 51.Kh4 g5+ 52.fxg5+ Kg6 53.Qe5 1-0

[Event "Moscow Open 2009 C"]
[Site "?"]
[Date "2009.01.31"]
[Round "1.54"]
[White "Vasiukova, Renata D"]
[Black "Kineva, Ekaterina"]
[Result "0-1"]
[WhiteElo "1574"]
[BlackElo "2168"]
[Annotator ""]
[Source ""]
[Remark ""]

1.c3 Nf6 2.h3 d6 3.e4 c5 4.d3 Nc6 5.g4 g6 6.Bg5 Bg7 7.Nd2 O-O
8.Be2 Rb8 9.Nf1 b5 10.Qd2 b4 11.Bh6 bxc3 12.bxc3 Bxh6 13.Qxh6
Qa5 14.Qd2 Qa3 15.Ne3 Ba6 16.Bf1 e6 17.Qc1 Qa5 18.Nf3 d5 19.Qd2
dxe4 20.c4 exf3 21.h4 Qxd2+ 22.Kxd2 Rfd8 23.Kc3 Nd4 24.Re1 Nd7
25.Nc2 Nb6 26.Nxd4 Rxd4 27.Kd2 Nxc4+ 28.Kc3 Nb6 29.Rc1 Nd5+ 0-1

[Event "Moscow Open 2009 C"]
[Site "?"]
[Date "2009.01.31"]
[Round "1.55"]
[White "Fakhretdinova, Margarita"]
[Black "Yakimova, Taisia V"]
[Result "1-0"]
[WhiteElo "2167"]
[BlackElo "1529"]
[Annotator ""]
[Source ""]
[Remark ""]

1.e4 e6 2.d4 d5 3.Nc3 dxe4 4.Nxe4 Nf6 5.Nxf6+ Qxf6 6.Nf3 Qd8
7.Bd3 Be7 8.O-O O-O 9.Bf4 c6 10.c3 Nd7 11.Qe2 a6 12.Rad1 Qb6
13.Ne5 Nxe5 14.Bxe5 f6 15.Qh5 f5 16.Rd2 Qd8 17.Re1 Bf6 18.Rde2
Bd7 19.Bc4 Qe8 20.Qxf5 Kh8 21.Qe4 Bxe5 22.Qxe5 Rf6 23.Qd6 Qf7
24.f3 Re8 25.Qc7 b5 26.Bb3 g6 27.Qe5 Kg8 28.a4 Qf8 29.axb5 axb5
30.Ra1 Kg7 31.Ra7 Re7 32.Re1 Kh6 33.h4 Rf5 34.Qd6 Qf7 35.Re4
Qg7 36.Bxe6 Rxe6 37.Rxe6 Rf7 38.Rxd7 Rxd7 39.Qf4+ Kh5 40.Qg5# 1-0

[Event "Moscow Open 2009 C"]
[Site "Moscow"]
[Date "2009.02.01"]
[Round "2.1"]
[White "Matveeva, Olga"]
[Black "Muzychuk, Anna"]
[Result "0-1"]
[WhiteElo "2219"]
[BlackElo "2540"]
[Annotator ""]
[Source ""]
[Remark ""]

1.c4 Nf6 2.Nc3 e6 3.e4 c5 4.Nf3 Nc6 5.g3 d5 6.cxd5 exd5 7.e5
Ng4 8.Bb5 a6 9.Bxc6+ bxc6 10.O-O Nh6 11.Qa4 Bd7 12.d3 Nf5 13.Bg5
Qb6 14.Qc2 Qb4 15.Bf4 Be7 16.a3 Qb7 17.Na4 O-O 18.Nxc5 Bxc5 19.Qxc5
Qxb2 20.Rfe1 Qb3 21.Red1 Rfe8 22.Rab1 Qa2 23.Kg2 d4 24.Nxd4 Nxd4
25.Qxd4 Rad8 26.Qb2 Qd5+ 27.f3 c5 28.Qb3 Qxb3 29.Rxb3 Ba4 30.Rbb1
Bxd1 31.Rxd1 h6 32.h4 Rd4 33.Be3 Rd5 34.f4 f6 0-1

[Event "Moscow Open 2009 C"]
[Site "Moscow"]
[Date "2009.02.01"]
[Round "2.2"]
[White "Ushenina, Anna"]
[Black "Bezgodova, Svetlana"]
[Result "1/2-1/2"]
[WhiteElo "2499"]
[BlackElo "2214"]
[Annotator ""]
[Source ""]
[Remark ""]

1.d4 Nf6 2.c4 d6 3.Nf3 Nbd7 4.Nc3 c6 5.g3 e5 6.Bg2 Be7 7.O-O
O-O 8.Qc2 Re8 9.Rd1 Qc7 10.h3 Nf8 11.e4 Ng6 12.Be3 Be6 13.d5
Bd7 14.dxc6 bxc6 15.c5 dxc5 16.Na4 Rab8 17.Bxc5 h6 18.b3 Nf8
19.Bxe7 Rxe7 20.Nc5 Bc8 21.Rac1 Rb5 22.Nd2 N6h7 23.Na4 Re6 24.Nc4
Rf6 25.Ne3 Qe7 26.Qd3 Bd7 27.h4 g6 28.Qd2 h5 29.Bf1 Rb8 30.Qa5
Be8 31.Qc5 Re6 32.Bh3 Qxc5 33.Rxc5 Re7 34.Nc4 f6 35.Na5 Ne6 36.Nxc6
Bxc6 37.Rxc6 Nd4 38.Rc4 Nf8 39.Nc3 Kg7 40.Kf1 g5 41.Ne2 Nxe2
42.Kxe2 g4 43.Bf1 Ne6 44.Ke3 Nd4 45.Rdc1 Rd7 46.Rc5 Rbd8 47.Bc4
Nf3 48.Bd5 f5 49.Rc7 f4+ 50.gxf4 exf4+ 51.Kxf4 Rf8+ 52.Kg3 Rxc7
53.Rxc7+ Kg6 54.Rxa7 Ne5 55.Ra6+ Kg7 56.Ra7+ Kg6 57.Bc4 Rf3+
58.Kg2 Rc3 59.a4 Nf3 60.Bf7+ Kf6 61.Bxh5 Nxh4+ 62.Kf1 Kg5 63.Ra5+
Kf4 64.Ke2 Rxb3 65.Rb5 Ra3 66.a5 Nf3 67.Rc5 Nd4+ 68.Kf1 Ra1+
69.Kg2 Nf3 70.Rf5+ Kxe4 71.Rxf3 gxf3+ 72.Bxf3+ Ke5 1/2-1/2

[Event "Moscow Open 2009 C"]
[Site "Moscow"]
[Date "2009.02.01"]
[Round "2.3"]
[White "Bogumil, Tatiana"]
[Black "Zhukova, Natalia"]
[Result "1/2-1/2"]
[WhiteElo "2218"]
[BlackElo "2490"]
[Annotator ""]
[Source ""]
[Remark ""]

1.Nf3 d5 2.d4 c5 3.e3 Nf6 4.Be2 Nc6 5.O-O Bg4 6.Nbd2 e6 7.b3
Bd6 8.dxc5 Bxc5 9.Bb2 O-O 10.Ne5 Nxe5 11.Bxe5 Bf5 12.Nf3 Rc8
13.c4 Qe7 14.Nd4 Bg6 15.Bxf6 Qxf6 16.cxd5 e5 17.Nc2 Bxc2 18.Qxc2
Bd4 19.Qe4 Bxa1 20.Rxa1 Qd6 21.Bc4 a6 22.a4 Rc5 23.a5 Rd8 24.Qd3
Qc7 25.Qd2 e4 26.g3 h5 27.h4 Qe5 28.Rd1 g6 29.Qb4 Qc7 30.Ra1
Kg7 31.Qc3+ f6 32.Qd2 Kh6 33.Kg2 Qe5 34.Ra4 Qf5 35.Qe2 Qg4 36.f3
exf3+ 37.Qxf3 Qxf3+ 38.Kxf3 Rdxd5 39.Bxd5 Rxd5 40.Rb4 Rxa5 41.Rxb7
g5 42.hxg5+ Kxg5 43.Rg7+ Kf5 44.g4+ hxg4+ 45.Rxg4 Rb5 46.b4 Ke6
47.Rd4 Ke5 48.Re4+ Kf5 49.Rc4 Ke5 50.Rc6 Rxb4 51.Rxa6 f5 52.Ra5+
Kf6 53.Ra8 Rh4 54.Rf8+ Ke6 55.Re8+ Kf7 56.Ra8 Kf6 57.Rf8+ Ke5 1/2-1/2

[Event "Moscow Open 2009 C"]
[Site "Moscow"]
[Date "2009.02.01"]
[Round "2.4"]
[White "Pogonina, Natalija"]
[Black "Sukhareva, Evgeniya"]
[Result "1-0"]
[WhiteElo "2467"]
[BlackElo "2178"]
[Annotator ""]
[Source ""]
[Remark ""]

1.d4 d5 2.Nf3 e6 3.g3 Nf6 4.Bg2 Be7 5.c4 dxc4 6.Qa4+ Bd7 7.Qxc4
Bc6 8.Nc3 Nbd7 9.O-O O-O 10.Re1 Nb6 11.Qd3 Nbd5 12.e4 Nxc3 13.bxc3
b5 14.Ne5 Be8 15.c4 c5 16.d5 Qb6 17.Qc2 Rc8 18.Bb2 a5 19.cxb5
c4 20.a4 Bc5 21.Bc3 Qd6 22.Rad1 exd5 23.exd5 Bd7 24.Nxc4 Bxf2+
25.Qxf2 Rxc4 26.Be5 Qb4 27.Bxf6 gxf6 28.Qxf6 Rg4 29.Qe7 Bf5 30.Bh3
Qxa4 31.Bxg4 Bxg4 32.Qg5+ Kh8 33.Qf6+ 1-0

[Event "Moscow Open 2009 C"]
[Site "Moscow"]
[Date "2009.02.01"]
[Round "2.5"]
[White "Butuc, Maria"]
[Black "Paehtz, Elizabeth"]
[Result "0-1"]
[WhiteElo "2182"]
[BlackElo "2455"]
[Annotator ""]
[Source ""]
[Remark ""]

1.Nf3 Nf6 2.c4 g6 3.Nc3 Bg7 4.g3 O-O 5.Bg2 d6 6.d4 Nc6 7.O-O
a6 8.Qd3 Bf5 9.e4 Bg4 10.Be3 Nd7 11.Ne2 Bxf3 12.Bxf3 Nde5 13.dxe5
Nxe5 14.Qb3 Nxf3+ 15.Kg2 Ne5 16.h3 c5 17.Rad1 Qa5 18.a4 Rab8
19.Bd2 Qd8 20.Bc3 Nc6 21.Bxg7 Kxg7 22.Qd3 Qa5 23.Ra1 Qb4 24.b3
b5 25.axb5 axb5 26.Rfc1 Ne5 27.Qc2 bxc4 28.bxc4 Qb2 29.f4 Nc6
30.Ra2 Qxc2 31.Raxc2 Rb3 32.Rc3 Rfb8 33.Kf2 Na5 34.R1c2 Rxc3
35.Rxc3 Rb4 0-1

[Event "Moscow Open 2009 C"]
[Site "Moscow"]
[Date "2009.02.01"]
[Round "2.6"]
[White "Romanko, Marina"]
[Black "Krasenkova, Ilena"]
[Result "1-0"]
[WhiteElo "2451"]
[BlackElo "2170"]
[Annotator ""]
[Source ""]
[Remark ""]

1.d4 Nf6 2.c4 g6 3.Nf3 Bg7 4.g3 O-O 5.Bg2 d5 6.cxd5 Nxd5 7.O-O
Nb6 8.Nc3 Nc6 9.e3 e5 10.d5 Na5 11.e4 c6 12.Bg5 f6 13.Be3 cxd5
14.exd5 Rf7 15.b3 Bg4 16.Qd2 Nc8 17.Rac1 Nd6 18.Ne1 b6 19.Nd3
Rc8 20.f4 exf4 21.Bxf4 Bf8 22.Ne2 g5 23.Bxd6 Bxd6 24.Nd4 Rxc1
25.Qxc1 Qd7 26.Kh1 Nb7 27.Nf2 Bf5 28.Nxf5 Qxf5 29.Ne4 Qe5 30.Qc8+
Kg7 31.Nf2 h5 32.Nd3 Qd4 33.Qf5 Re7 34.b4 Nd8 35.Nf2 Qe5 36.Qf3
g4 37.Qd3 f5 38.Nd1 Rf7 39.Ne3 f4 40.Nc4 Qe7 41.Qd4+ Kg8 42.gxf4
Bxb4 43.d6 Qe2 44.Ne5 Bc5 45.Qd5 h4 46.Nxf7 Nxf7 47.d7 Be7 48.Qd1
Qxd1 49.Rxd1 Kg7 50.Bd5 Nd8 51.Rg1 g3 52.hxg3 hxg3 53.Rxg3+ Kf6
54.Re3 b5 55.Kg2 a5 56.Kf1 a4 57.Ke2 b4 58.Kd1 Bd6 59.Re8 Bc7
60.Kc2 Ba5 61.Kd3 Kf5 62.Rf8+ Kg6 63.Kc4 b3 64.axb3 a3 65.Rg8+
Kf5 66.b4 a2 67.Rg1 Bc7 68.Ra1 Kxf4 69.Rxa2 Ke5 70.Ra6 Bd6 71.b5
Bb8 72.Rh6 Kf5 73.b6 Bf4 74.Rh8 1-0